Quizzes
Events
Quiz Creation
Community
Videos
Private Events
Remove Ads
Sign In
Join for FREE
Feedback
Dark Mode
Quiz Categories
Sports
Geography
Music
Movies
Television
Just For Fun
Miscellaneous
History
Literature
Language
Science
Gaming
Entertainment
Religion
Holiday
For Kids
Quiz Lab
Recent
Popular Today
Quiz Kudos Today
Editor Picks
Curator Picks
Quizzes by...
Day
Popularity
Type
Ratings
Length
Year
Community
Subscriptions
Recent Discussions
Orange Saloon
Badges
Playlists
Quests
Create
Leaderboards
Showdown
Live 5
Trivia Bingo
Activity
Puzzle Library
Sporcle Events
Private Events
Virtual Trivia
Globe League
Become a Host
Pub Owners
SporcleCon
Opinionation
Our Games
Videos
Blog
Mobile Apps
Partnerships
Remove Ads and Go Orange
Feedback
Geography
Country
Landmarks
City
State
Population
World
Capital
Continent
Flags
Europe
Africa
Asia
South America
North America
Oceania
Border
Canada
United Kingdom
Topography
United States
Geography
Country
Landmarks
City
State
Population
World
Capital
Continent
Flags
Europe
Africa
Asia
South America
North America
Oceania
Border
Canada
United Kingdom
Topography
United States
Random Quiz
Search Sporcle
×
Quiz Lab
Quiz Lab
Geography
State
Type in answers that appear in a list
Type in answers that appear in a list
Classic
Best Score? Go Orange.
Parks by ZIP Code Stats
Can you name the National Parks, Monuments, Historical Sites, etc. by the ZIP Code of their Headquarters?
By
catcherj
20m
63 Questions
23 Plays
23 Plays
23 Plays
Comments
Comments
Give Quiz Kudos
Give Quiz Kudos
-
- Ratings
hide this ad
More Info
Forced Order
Answers have to be entered in order
Answers have to be entered in order
Random Order
Randomize order of answers
Randomize order of answers
Replay
Link that replays current quiz
Next Quiz
Link to next quiz in quiz playlist
You Got
0%
They Got
Avg Score
17%
Avg Friend Score
Upgrade to see
Score Distribution
Jump to the score distribution portion of the page
Score
0/63
Timer
20:00
0
Plays Today
ZIP Code
Park
% Correct
92328
Death Valley
47.8%
99755
Denali
47.8%
95389
Yosemite
43.5%
82190
Yellowstone
43.5%
10004
Statue of Liberty and Ellis Island
39.1%
59936
Glacier
34.8%
57750
Badlands
34.8%
79834
Big Bend
34.8%
93271
Sequoia and Kings Canyon
30.4%
92284
Joshua Tree
30.4%
20024
Washington Monument and National Mall & Memorial
30.4%
84532
Arches
30.4%
33034
Everglades
30.4%
T1L 1K2 (Canada)
Banff
26.1%
86023
Grand Canyon
26.1%
17325
Gettysburg
21.7%
57751
Mount Rushmore
21.7%
71901
Hot Springs
21.7%
27954
Cape Hatteras
17.4%
22835
Shenandoah
17.4%
59022
Little Bighorn Battlefield
17.4%
86028
Petrified Forest
17.4%
21230
Fort McHenry
17.4%
37738
Great Smoky Mountains
17.4%
87037
Chaco Culture
17.4%
72202
Little Rock Central High School
17.4%
96818
USS Arizona
13%
94123
Golden Gate
13%
V0R 3A0 (Canada)
Pacific Rim
13%
02110
Boston Harbor Islands
13%
96718
Hawaii Volcanoes
13%
83012
Grand Teton
13%
ZIP Code
Park
% Correct
20812
Clara Barton
13%
84302
Golden Spike
13%
98250
San Juan Island
13%
X0E 0P0 (Canada)
Wood Buffalo
13%
15437
Fort Necessity
13%
92106
Cabrillo
13%
15956
Johnstown Flood
13%
99762*
Bering Land Bridge
13%
R0J 2H0 (Canada)
Riding Mountain
13%
96742
Kalaupapa
13%
36040*
Selma to Montgomery
8.7%
70130
Jean Lafitte
8.7%
25425*
Appalachian
8.7%
96134
Lava Beds
8.7%
21811
Assateague Island
8.7%
78480
Padre Island
8.7%
20020
Frederick Douglas
8.7%
65738
Wilsons Creek
8.7%
92311
Mojave Desert
8.7%
84111*
Mormon Pioneer
8.7%
10007
African Burial Ground
8.7%
07052
Edison
8.7%
C1A 5V6 (Canada)
Anne of Green Gables
8.7%
21788
Catoctin Mountain
8.7%
K0E 1T0 (Canada)
Battle of the Windmill
8.7%
02840
Touro Synagogue
4.3%
99685
Aleutian World War II
4.3%
20242
Presidents
4.3%
87504*
Old Spanish
4.3%
28803*
Blue Ridge Parkway
4.3%
02895*
John H. Chafee Blackstone River Valley
4.3%
Quiz Playlist
Details
Report
Send in Message
Add To Playlist
More Info:
ZIPs with *s mean that a park spans multiple ZIPs or that the headquarters and park itself are in different ZIP codes. See comment for more notes.
Classic:
Type in answers that appear in a list
Forced Order:
Answers have to be entered in order
Random Order:
Randomize order of answers
Last Updated: Feb 16, 2017
Quiz Scoreboard
CHALLENGE
Sign Up to Join the Scoreboard
Show All
Scores
Hide
Comments
May contain spoilers
Recently Published
Movies - When Are They Set?
by FPL_Elf
Movies
5m
Popular People in 1961
by mucciniale
History
6m
1-10 Letter E Words III
by El_Dandy
Language
2m
More to Explore
Quiz From the Vault
Featured Blog Post
Where Did the Easter Bunny Come From?
hide this ad
You Might Also Like...
Tags
State Quiz
code
etc
Headquarters
monument
national
National Parks
park
Province
site
Zip
Zipcode
Today's Top Quizzes in Geography
Browse Geography
hide this ad
Today's Top Quizzes in State
Browse State
Top Contributed Quizzes in Geography
1
Countries of the World - No Outlines Minefield
2
Top 25 Cities of France on a map
3
Closest Countries to UK A-Z
4
African Flag Reveal XLV
5
Blind Ultimate Minefield: USA
6
One Thing in Common: United Kingdom
7
Blind Secret Country CLXXXVIII
8
One Thing in Common: Asia
9
Find the US States - No Outlines
10
One Thing in Common: Geography
Explore More
Trending Topics
NBA
Kpop
Anime
Crossword
Harry Potter
Marvel
Disney
Pokémon
WWE
Song
Puzzle
Soccer
The Office
Country
NFL
hide this ad
More By:
catcherj
Quiz
Plays
Rating
Category
Featured
Created
A Dream Deferred
10,074
4.49
Literature
Mar 15, 2011
Baseball Domes
2,693
4.27
Sports
May 15, 2010
Arabic-Speaking Metro Areas
1,419
3.18
Geography
Mar 15, 2010
Each Continent's Top 5's Top 3
1,140
2.84
Geography
Mar 3, 2011
States by National Parks
1,025
4.00
Geography
Jun 20, 2010
Go to Creator's Profile
Score Distribution
Quiz Creator Spotlight
catcherj
Follow
Send a Message
Quizzes Created
-
Created Quiz Play Count
-
More By This Creator
Popular Quizzes Today
1
Find the US States - No Outlines Minefield
2
Find the Countries of Europe - No Outlines Minefield
3
The Countries of the World
4
Popular People in 1961
5
1-10 Letter E Words III
6
US States
7
Find the US States
8
One Thing in Common: World Cities II
More Geography Quizzes
5 to 1 Blitz: Manchester
Quiz Lab
Trending Quizzes
Risky Map Clicking: Least Populous States A-Z
1-10 Letter F Words
Humor Books: The Subtitles
1-10 Letter G Words
One Thing in Common: United Kingdom
Recently Updated
Leaping Animals
pecheneg
Reality TV Shows (A-Z)
bhenderson79
Rickey Henderson's Hall of Fame Teammates
pecheneg
Champions League XIs: Arsenal
pecheneg
Quick Pick: Celebrities in WWE's Hall of Fame
aduchscher
A-Z Keypad Blitz II
pecheneg
Multiple Oscar Actors
pecheneg
Mystery Phrase Blitz: Oscar 'Best Actors'
pecheneg
F. Scott Fitzgerald Novels
LTH
Pick 3 Villains
ddd62291
Trending Topics
Crossword
Anime
Marvel
Harry Potter
NBA
Disney
Kpop
Soccer
Song
NFL
WWE
Puzzle
Pokémon
The Office
Country
Your Account Isn't Verified!
In order to create a playlist on Sporcle, you need to verify the email address you used during registration. Go to your
Sporcle Settings
to finish the process.
Report this User
Report this user for behavior that violates our
Community Guidelines
.
Details:
Send Report
Go to the Sporcle.com Mobile Site →
Comments